Statistiques concernant Films commençant par C par images

Cliquez ici pour prendre le quiz!

Statistiques générales

  • Ce quiz a été pris 2 105 fois
  • Le résultat moyen est 13 sur 24

Statistiques - réponses

Réponse% Correct
Cars
99%
Charlie et la Chocolaterie
96%
Cendrillon
93%
Camping
92%
Casper
90%
Les Choristes
86%
Coco
84%
Casino
70%
Cyrano de Bergerac
68%
Cinquante Nuances de Grey
57%
La Cité de la peur
53%
Le Cinquième Élément
50%
Le Cercle des poètes disparus
44%
Chicken Little
43%
Le Corniaud
41%
Chantons sous la pluie
40%
Chocolat
40%
Camp Rock
32%
Le Château dans le ciel
31%
La Chèvre
29%
La Cage aux folles
25%
Croc Blanc
23%
Citizen Kane
17%
Cheval de guerre
16%

Distribution des résultats

Percentile par nombre de réponses

% des personnes avec chaque résultat

Votre développement - résultats

Vous n’avez pas pris ce quiz